01154nam a2200265 i 450000100060000000300090000600500170001500700030003200800410003502000180007611100910009424501080018526001220029330000220041549000340043749000720047150000120054350400200055570000360057583000420061183000800065385200200073399900170075395201180077050934ES-MaACL20230906162249.0t|030807s1987 sp ||||1| spa d a84-7498-288-X2 aCurso Internacional de Riego Localizado (n1º. d1980. cSanta Cruz de Tenerife)961113aEl riego localizado b: Curso Internacional de Riego Localizado /cJ.M. Hernández Abreu ... [et al.]. aMadrid : bMinisterio de Agricultura, Pesca y Alimentación, Instituto Nacional de Investigaciones Agrarias, c1987. a317 p. ; c24 cm.1 aMonografías I.N.I.A. ; v621 aPublicaciones del Ministerio de Agricultura, Pesca y Alimentación aIndice. aBibliografía.1 aHernández Abreu, J. M.9628690 aMonografías I.N.I.A. ; v6291775380 aPublicaciones del Ministerio de Agricultura, Pesca y Alimentación9230157 aES-MaACLjB-983 c50934d50934 00104070aATENEOMbATENEOMcSPBd2008-01-17eSCl0oB-983p1053565r2023-02-23 00:00:00w2023-02-23yMONOGRAFIA